000 00443nam a2200181 4500
003 OSt
008 241005b |||||||| |||| 00| 0 eng d
020 _a9788119131464
041 _amal
082 _a894.8123
_bNAS/PA
100 _aNasar, T.P.
_96296
245 _aPakshikal koodanayunnilla /
250 _a1st ed.
260 _aThiruvananthapuram :
_bChintha Publishers,
_c2023.
300 _a288p.
650 _aNovel
_94288
942 _cBK
999 _c18120
_d18120